| 000 | 00672nam a2200229 4500 | ||
|---|---|---|---|
| 001 | 6131 | ||
| 010 | _a978-2-344-06195-4 | ||
| 090 | _a6131 | ||
| 100 | _a20260701d u||y0frey50 ba | ||
| 101 | _afre | ||
| 200 |
_aSaisonniers _fOlivier Cogne _fJean Guibal _gSophie Boizard _h105 _iL'Alpe |
||
| 210 |
_aGrenoble _cEditions Glénat _d2024 _eLuçon, France _gPollina |
||
| 215 |
_a90 p. _cill. _d30 cm. |
||
| 606 |
_91063 _aMigration |
||
| 606 |
_9816 _aTravail |
||
| 606 |
_91605 _aDroits des immigrés |
||
| 607 |
_9521 _aFrance |
||
| 607 |
_9414 _aSuisse |
||
| 701 |
_97064 _aCogne _bOlivier |
||
| 701 |
_97065 _aGuibal _bJean |
||
| 702 |
_97066 _aBoizard _bSophie |
||
| 801 |
_aCH _bCH-001784-0 |
||